<?xml version="1.0" encoding="UTF-8"?>
<record
    xmlns:xsi="http://www.w3.org/2001/XMLSchema-instance"
    xsi:schemaLocation="http://www.loc.gov/MARC21/slim http://www.loc.gov/standards/marcxml/schema/MARC21slim.xsd"
    xmlns="http://www.loc.gov/MARC21/slim">

  <leader>00684nam a22001697a 4500</leader>
  <datafield tag="999" ind1=" " ind2=" ">
    <subfield code="c">80776</subfield>
    <subfield code="d">80776</subfield>
  </datafield>
  <controlfield tag="008">201130b           ||||| |||| 00| 0 eng d</controlfield>
  <datafield tag="040" ind1=" " ind2=" ">
    <subfield code="b">ger</subfield>
    <subfield code="c">DE-2950</subfield>
    <subfield code="e">rda</subfield>
    <subfield code="a">DE-2950</subfield>
  </datafield>
  <datafield tag="041" ind1=" " ind2=" ">
    <subfield code="a">ger</subfield>
  </datafield>
  <datafield tag="245" ind1=" " ind2=" ">
    <subfield code="a">Wilke jetzt im Pr&#xE4;sidium des St&#xE4;dtetages.</subfield>
    <subfield code="b">"Stimme der St&#xE4;dte". Der Hauptausschuss w&#xE4;hlte Ren&#xE9; Wilke am Mittwoch in das Gremium der 1905 gegr&#xFC;ndeten Vereinigung.</subfield>
  </datafield>
  <datafield tag="600" ind1=" " ind2=" ">
    <subfield code="a">  Wilke, Ren&#xE9;; Politiker</subfield>
    <subfield code="d">1984-</subfield>
  </datafield>
  <datafield tag="650" ind1=" " ind2=" ">
    <subfield code="a">St&#xE4;dtetag</subfield>
  </datafield>
  <datafield tag="773" ind1=" " ind2=" ">
    <subfield code="d">Frankfurt (Oder): M&#xE4;rkisches Verlags- und Druckhaus GmbH &amp; Co KG</subfield>
    <subfield code="g">32. Jahrgang (2021) Nr. 48 vom 26.02.2021, S. 11</subfield>
    <subfield code="t">M&#xE4;rkische Oderzeitung</subfield>
  </datafield>
  <datafield tag="942" ind1=" " ind2=" ">
    <subfield code="c">A</subfield>
  </datafield>
  <datafield tag="952" ind1=" " ind2=" ">
    <subfield code="0">0</subfield>
    <subfield code="1">0</subfield>
    <subfield code="4">0</subfield>
    <subfield code="7">0</subfield>
    <subfield code="9">79224</subfield>
    <subfield code="a">StAFF</subfield>
    <subfield code="b">StAFF</subfield>
    <subfield code="c">GEN</subfield>
    <subfield code="d">2021-03-01</subfield>
    <subfield code="l">0</subfield>
    <subfield code="o">Z2</subfield>
    <subfield code="r">2021-03-01 00:00:00</subfield>
    <subfield code="w">2021-03-01</subfield>
    <subfield code="y">A</subfield>
  </datafield>
</record>
